[Event "Serbia Championship 2006"]
[Site "Vrnjacka Banja"]
[Date "2006.02.01"]
[Round "4"]
[White "Lajthajm, Borko"]
[Black "Tosic, Miroslav"]
[Result "1/2-1/2"]
[WhiteElo "2464"]
[BlackElo "2434"]
[PlyCount "30"]
[EventDate "2006.??.??"]

1. d4 Nf6 2. c4 g6 3. Nc3 Bg7 4. e4 d6 5. Bd3 c5 6. d5 O-O 7. h3 e6 8. Nf3 exd5
9. exd5 Re8+ 10. Be3 Bf5 11. O-O Bxd3 12. Qxd3 a6 13. a3 Nbd7 14. Rfe1 h6 15.
b4 b6 1/2-1/2

[Event "Serbia Championship 2006"]
[Site "Vrnjacka Banja"]
[Date "2006.02.01"]
[Round "4"]
[White "Abramovic, Bosko"]
[Black "Djosic, Slavoljub"]
[Result "1-0"]
[WhiteElo "2507"]
[BlackElo "2279"]
[PlyCount "61"]
[EventDate "2006.??.??"]

1. d4 Nf6 2. c4 d6 3. Nf3 Nbd7 4. Nc3 g6 5. g3 Bg7 6. Bg2 O-O 7. O-O e5 8. e4
exd4 9. Nxd4 Nc5 10. h3 Re8 11. Re1 a5 12. Rb1 Nfd7 13. Be3 Ne5 14. b3 a4 15.
Re2 axb3 16. axb3 Bd7 17. Rd2 Qc8 18. Kh2 Ne6 19. Nce2 Nc6 20. Nxe6 Bxe6 21.
Nf4 Ra3 22. c5 dxc5 23. Bxc5 Ra5 24. b4 Ra8 25. b5 Ne5 26. Nxe6 fxe6 27. f4 Nf7
28. Bf3 Rd8 29. Bb4 Rxd2+ 30. Bxd2 Qd7 31. Bg2 1-0

[Event "Serbia Championship 2006"]
[Site "Vrnjacka Banja"]
[Date "2006.02.01"]
[Round "4"]
[White "Milanovic, Danilo"]
[Black "Zlatic, Mihajlo"]
[Result "1/2-1/2"]
[WhiteElo "2486"]
[BlackElo "2417"]
[PlyCount "107"]
[EventDate "2006.??.??"]

1. d4 c5 2. d5 Nf6 3. c4 e5 4. Nc3 d6 5. e4 Be7 6. Bd3 O-O 7. Nge2 Ne8 8. O-O
Bg5 9. a3 Bxc1 10. Qxc1 Nd7 11. b4 g6 12. Qc2 Ng7 13. Ng3 h5 14. Rab1 Qf6 15.
Nge2 h4 16. f3 Nh5 17. Qd2 Kg7 18. Bc2 Nf4 19. Ba4 Nb6 20. Bb3 Nd7 21. Rf2 cxb4
22. axb4 a5 23. bxa5 Rxa5 24. Nxf4 exf4 25. Ne2 Ra1 26. Rxa1 Qxa1+ 27. Rf1 Qa7+
28. Kh1 g5 29. Qd4+ Qxd4 30. Nxd4 Nc5 31. Ra1 Bd7 32. Bc2 Rc8 33. Kg1 Kf6 34.
Kf2 Ke5 35. Nb3 Na4 36. Nd2 Nb2 37. Bb3 b5 38. Ra7 Be8 39. cxb5 Bxb5 40. Ra1
Rc3 41. Rb1 Nd3+ 42. Kg1 Nc5 43. Bd1 Ba6 44. Ra1 Re3 45. Bc2 Rc3 46. Nb3 Nd3
47. Bxd3 Bxd3 48. Na5 Bb5 49. Rb1 Bd3 50. Nc6+ Kf6 51. Re1 Bb5 52. e5+ dxe5 53.
Nxe5 Rc5 54. Nd7+ 1/2-1/2

[Event "Serbia Championship 2006"]
[Site "Vrnjacka Banja"]
[Date "2006.02.01"]
[Round "4"]
[White "Pantovic, Dragan M"]
[Black "Arsovic, Goran"]
[Result "1/2-1/2"]
[WhiteElo "2129"]
[BlackElo "2450"]
[PlyCount "87"]
[EventDate "2006.??.??"]

1. d4 Nf6 2. c4 e6 3. Nf3 Bb4+ 4. Nbd2 d6 5. e3 O-O 6. a3 Bxd2+ 7. Bxd2 Qe7 8.
Be2 Ne4 9. Qc2 Nxd2 10. Nxd2 e5 11. dxe5 dxe5 12. O-O a5 13. Nb1 Na6 14. Nc3 c6
15. Rfd1 Be6 16. Rab1 Rfd8 17. Rxd8+ Rxd8 18. Rd1 Rxd1+ 19. Qxd1 h6 20. Ne4 f5
21. Qd6 Kf7 22. Qxe7+ Kxe7 23. Nc3 Nc5 24. b4 axb4 25. axb4 Na6 26. b5 cxb5 27.
Nxb5 Bd7 28. Nc3 Kd6 29. f4 exf4 30. exf4 Kc5 31. Nd5 Be6 32. Ne3 Kd4 33. Kf2
Nb4 34. h3 b6 35. g4 fxg4 36. hxg4 Nd3+ 37. Kf3 Bc8 38. Nc2+ Kc3 39. Na3 Kd2
40. Bf1 Bb7+ 41. Kg3 Bc6 42. g5 Nc5 43. gxh6 gxh6 44. f5 1/2-1/2

[Event "Serbia Championship 2006"]
[Site "Vrnjacka Banja"]
[Date "2006.02.01"]
[Round "4"]
[White "Marcetic, Nikola"]
[Black "Savic, Miodrag R"]
[Result "0-1"]
[WhiteElo "2390"]
[BlackElo "2517"]
[PlyCount "78"]
[EventDate "2006.??.??"]

1. d4 Nf6 2. Nf3 e6 3. e3 b6 4. Bd3 Bb7 5. O-O c5 6. c4 d6 7. Nc3 Nbd7 8. b3
Be7 9. Bb2 a6 10. Qe2 Qc7 11. e4 cxd4 12. Nxd4 Ne5 13. Rad1 g5 14. Kh1 h5 15.
f4 gxf4 16. Rxf4 Nfg4 17. Rff1 O-O-O 18. Nf3 h4 19. Na4 h3 20. g3 Nxd3 21. Rxd3
Ne5 22. Nxe5 dxe5 23. Rxf7 Rxd3 24. Qxd3 Re8 25. Qf1 Bxe4+ 26. Kg1 Bc5+ 27.
Nxc5 Qxc5+ 28. Rf2 Bb7 29. Qe1 Qc6 30. Kf1 Qh1+ 31. Ke2 Qe4+ 32. Kf1 Qg4 33.
Rd2 Rf8+ 34. Rf2 Rd8 35. Rd2 Qf5+ 36. Kg1 Rxd2 37. Qxd2 Qf3 38. Bxe5 Qh1+ 39.
Kf2 Qxh2+ 0-1

[Event "Serbia Championship 2006"]
[Site "Vrnjacka Banja"]
[Date "2006.02.01"]
[Round "4"]
[White "Nikolic, Stanimir"]
[Black "Tadic, Branko"]
[Result "0-1"]
[WhiteElo "2306"]
[BlackElo "2491"]
[PlyCount "69"]
[EventDate "2006.??.??"]

1. d4 d6 2. c4 e5 3. Nf3 e4 4. Ng5 Nf6 5. Nc3 Qe7 6. Qc2 Bf5 7. f3 Nc6 8. e3
Nxd4 9. Qa4+ Nc6 10. Qb5 Qd7 11. fxe4 Bg6 12. g3 Rb8 13. Bh3 Qd8 14. Bg2 Nd7
15. Nh3 Nc5 16. e5 Nd3+ 17. Ke2 Ndxe5 18. Nf4 Bf5 19. Ncd5 Be7 20. Nxe7 Bg4+
21. Kf2 Qxe7 22. Nd5 Qd7 23. e4 Nd3+ 24. Ke3 Nc5 25. h3 Be6 26. Nb4 a6 27. Nxc6
axb5 28. Nxb8 Qc8 29. b4 Na4 30. cxb5 Qxb8 31. Kf3 Qd8 32. h4 Qf6+ 33. Bf4 Qc3+
34. Kf2 Qb2+ 35. Kf3 0-1

[Event "Serbia Championship 2006"]
[Site "Vrnjacka Banja"]
[Date "2006.02.01"]
[Round "4"]
[White "Muratovic, Alija"]
[Black "Jovanovic, Zoran"]
[Result "0-1"]
[WhiteElo "2437"]
[BlackElo "2291"]
[PlyCount "70"]
[EventDate "2006.??.??"]

1. e4 c5 2. Nf3 Nc6 3. d4 cxd4 4. Nxd4 Nf6 5. Nc3 d6 6. Bg5 e6 7. Qd2 a6 8.
O-O-O h6 9. Bxf6 Qxf6 10. Nb3 Qd8 11. Kb1 Be7 12. f4 b5 13. Bd3 O-O 14. g4 b4
15. Ne2 a5 16. Nbd4 Nxd4 17. Nxd4 Qb6 18. Nf3 b3 19. cxb3 a4 20. b4 a3 21. b3
d5 22. b5 dxe4 23. Bxe4 Ra5 24. Bc6 Rxb5 25. Bxb5 Qxb5 26. Rhe1 Bb4 27. Re5
Bxd2 28. Rxb5 Bxf4 29. h3 Ba6 30. Rb4 g5 31. Nd4 Rd8 32. Kc2 Rc8+ 33. Kb1 Bd3+
34. Ka1 Rc1+ 35. Rxc1 Bxc1 0-1

[Event "Serbia Championship 2006"]
[Site "Vrnjacka Banja"]
[Date "2006.02.01"]
[Round "4"]
[White "Arsovic, Zoran"]
[Black "Toth, Aleksandar"]
[Result "1/2-1/2"]
[WhiteElo "2417"]
[BlackElo "2302"]
[PlyCount "50"]
[EventDate "2006.??.??"]

1. d4 d5 2. c4 e6 3. Nc3 Be7 4. Nf3 Nf6 5. Bg5 h6 6. Bxf6 Bxf6 7. e3 O-O 8. Qb3
dxc4 9. Bxc4 Nc6 10. Bd3 e5 11. d5 Ne7 12. Rd1 Nf5 13. Bxf5 Bxf5 14. O-O Rb8
15. h3 e4 16. Nd4 Bg6 17. Rd2 Re8 18. Rfd1 Be5 19. Qc4 a6 20. Qe2 Qf6 21. Kh1
Bd6 22. Qe1 Re5 23. Nde2 Rg5 24. Ng3 Re8 25. Rd4 Rge5 1/2-1/2

[Event "Serbia Championship 2006"]
[Site "Vrnjacka Banja"]
[Date "2006.02.01"]
[Round "4"]
[White "Mihalj, Miroslav M"]
[Black "Pap, Misa"]
[Result "0-1"]
[WhiteElo "2299"]
[BlackElo "2402"]
[PlyCount "68"]
[EventDate "2006.??.??"]

1. b4 c6 2. Bb2 Qb6 3. a3 a5 4. e3 axb4 5. Bd4 Qc7 6. axb4 Rxa1 7. Bxa1 e5 8.
Qc1 d5 9. c4 Nf6 10. Nf3 Nbd7 11. cxd5 Nxd5 12. b5 Bd6 13. Nc3 Nc5 14. Qb1 O-O
15. Nxd5 cxd5 16. b6 Qe7 17. Nxe5 Bxe5 18. d4 Bf6 19. dxc5 d4 20. Be2 dxe3 21.
Bxf6 exf2+ 22. Kxf2 Qxf6+ 23. Bf3 Qd4+ 24. Kg3 Qe5+ 25. Kf2 Qxc5+ 26. Kg3 Qe5+
27. Kf2 Qd4+ 28. Kg3 g5 29. h3 Qh4+ 30. Kh2 Qf4+ 31. Kg1 Re8 32. Kf2 Qd4+ 33.
Kg3 Qh4+ 34. Kh2 Qf4+ 0-1

[Event "Serbia Championship 2006"]
[Site "Vrnjacka Banja"]
[Date "2006.02.01"]
[Round "4"]
[White "Nestorovic, Nikola D"]
[Black "Markovic, Milovan"]
[Result "0-1"]
[WhiteElo "2361"]
[BlackElo "2260"]
[PlyCount "82"]
[EventDate "2006.??.??"]

1. e4 c5 2. Nf3 Nc6 3. Bb5 Qb6 4. Bxc6 Qxc6 5. Nc3 e6 6. d4 b5 7. O-O Nf6 8. d5
Qb7 9. Bg5 b4 10. Bxf6 gxf6 11. Ne2 Qc7 12. a3 Rb8 13. Ng3 h5 14. e5 fxe5 15.
Ne4 d6 16. dxe6 fxe6 17. Nh4 Rh6 18. f4 d5 19. Ng5 exf4 20. g3 Bd6 21. Qf3 bxa3
22. bxa3 c4 23. Rae1 Qc5+ 24. Rf2 Be7 25. gxf4 Qxa3 26. Re3 Rb1+ 27. Kg2 Qc1
28. Kg3 Qd1 29. Rfe2 Bc5 30. Re5 Qg1+ 31. Rg2 Qf1 32. Qxd5 Be7 33. Qa8 Kd7 34.
Rd2+ Kc7 35. Qxa7+ Rb7 36. Qa5+ Kb8 37. Re4 Qg1+ 38. Rg2 Qd1 39. Rxc4 Qg4+ 40.
Kf2 Qxh4+ 41. Ke3 e5 0-1

[Event "Serbia Championship 2006"]
[Site "Vrnjacka Banja"]
[Date "2006.02.01"]
[Round "4"]
[White "Kojovic, Dragan"]
[Black "Mrsevic, Miroslav"]
[Result "1-0"]
[WhiteElo "2341"]
[BlackElo "2202"]
[PlyCount "217"]
[EventDate "2006.??.??"]

1. e4 e5 2. Nf3 d6 3. d4 exd4 4. Nxd4 Nf6 5. Nc3 Be7 6. Be2 O-O 7. O-O Re8 8.
Qd3 Nbd7 9. Qg3 Bf8 10. Nf5 Kh8 11. Bg5 h6 12. Qh4 Kg8 13. Be3 Ne5 14. Qg3 Kh7
15. Nd4 Ng6 16. Bd3 Ne5 17. f4 Nxd3 18. cxd3 c6 19. h3 Qa5 20. Rac1 Bd7 21. Qf3
d5 22. e5 Ng8 23. Bf2 Qd8 24. Nde2 f5 25. Kh2 Be6 26. d4 Be7 27. Rg1 Rf8 28.
Rcd1 Qd7 29. Rd2 g6 30. Rgd1 Rf7 31. Na4 b6 32. b3 Rg7 33. Qd3 Qb7 34. Rc2 Rc8
35. Ng1 Kh8 36. Ne2 Rc7 37. Ng3 Qc8 38. Rdc1 Ba3 39. Rb1 Qf8 40. Qa6 Bc8 41.
Qe2 Be7 42. Nc3 Bb4 43. Qd3 Be6 44. Rbc1 Qc8 45. Qf3 Ba3 46. Rd1 h5 47. Nge2
Nh6 48. Bh4 Ng8 49. Ng1 Qa6 50. Qd3 Qb7 51. Nf3 Qc8 52. Qe2 Bf8 53. Rdc1 Ba3
54. Re1 Bb4 55. Bf6 Qe8 56. Ng5 Bc8 57. Bxg7+ Rxg7 58. Rd1 Bb7 59. Nb1 Bf8 60.
Nc3 Re7 61. Qf2 Rg7 62. Na4 Be7 63. Qe2 Nh6 64. Nb2 Bxg5 65. fxg5 Nf7 66. h4
Nd8 67. Nd3 Re7 68. Re1 Kg7 69. Nf4 Qd7 70. Qd3 Ne6 71. Qd2 Nf8 72. a4 Qd8 73.
Qb4 Kf7 74. Rf2 Ne6 75. Qd6 Qe8 76. Ref1 Rd7 77. Qxe6+ Qxe6 78. Nxe6 Kxe6 79.
b4 Ba6 80. Re1 Bc4 81. Kg3 Rc7 82. Rb2 Rb7 83. Kf4 Rb8 84. Ke3 Rb7 85. Rc1 Rb8
86. Rcc2 Rb7 87. Rc1 Rb8 88. Ra1 Rb7 89. Ra3 Rb8 90. g3 Rb7 91. b5 Rc7 92. Kd2
Rc8 93. Rc3 Rc7 94. Ke3 Rc8 95. Rb4 c5 96. Rb2 Rc7 97. a5 f4+ 98. gxf4 Kf5 99.
Rxc4 dxc4 100. d5 bxa5 101. Rc2 Rb7 102. Rxc4 Rxb5 103. e6 a4 104. Rxa4 a5 105.
e7 Rb3+ 106. Kd2 Rb8 107. Rxa5 Re8 108. Ra7 Kxf4 109. d6 1-0

[Event "Serbia Championship 2006"]
[Site "Vrnjacka Banja"]
[Date "2006.02.01"]
[Round "4"]
[White "Irizanin, Radoje"]
[Black "Certic, Branimir"]
[Result "0-1"]
[WhiteElo "2260"]
[BlackElo "2405"]
[PlyCount "82"]
[EventDate "2006.??.??"]

1. d4 e6 2. c4 Bb4+ 3. Nd2 d5 4. c5 Nc6 5. a3 Bxd2+ 6. Qxd2 e5 7. dxe5 Nxe5 8.
Nf3 Ng6 9. h4 h6 10. b4 Nf6 11. Bb2 c6 12. e3 Bg4 13. Bd3 Qe7 14. Kf1 O-O 15.
Nd4 Ne4 16. Qc2 Rfe8 17. h5 Nf8 18. Nf3 Nd7 19. Bd4 a5 20. Qb2 Ndf6 21. Ne5 Bf5
22. g4 Bh7 23. Kg2 Ng5 24. Bxh7+ Nfxh7 25. f3 Nf8 26. Rhf1 Nfe6 27. Qc3 Nc7 28.
Qb2 Nb5 29. bxa5 Ne6 30. Kg3 Rxa5 31. a4 Nbxd4 32. exd4 Nxd4 33. Qxd4 Qxe5+ 34.
Qxe5 Rxe5 35. Rab1 Re7 36. Rfe1 Rxe1 37. Rxe1 Kf8 38. Rb1 Rxa4 39. Rxb7 Rc4 40.
f4 g5 41. fxg5 hxg5 0-1

[Event "Serbia Championship 2006"]
[Site "Vrnjacka Banja"]
[Date "2006.02.01"]
[Round "4"]
[White "Mitrovic, Petar"]
[Black "Mirkovic, Stevan"]
[Result "1/2-1/2"]
[WhiteElo "2387"]
[BlackElo "2191"]
[PlyCount "54"]
[EventDate "2006.??.??"]

1. e4 c6 2. d4 d5 3. Nd2 dxe4 4. Nxe4 Nd7 5. Bc4 e6 6. Nf3 Ngf6 7. Nxf6+ Nxf6
8. O-O Be7 9. Qe2 O-O 10. Bf4 c5 11. dxc5 Bxc5 12. Rad1 Qb6 13. Be5 Nd7 14. Bc3
Bb4 15. Bxb4 Qxb4 16. c3 Qc5 17. Rd2 Nf6 18. Rfd1 b6 19. Ne5 Bb7 20. Nd7 Nxd7
21. Rxd7 Bc6 22. R7d4 Qg5 23. f4 Qf6 24. Qd2 Rac8 25. Bf1 e5 26. fxe5 Qxe5 27.
Rd6 Rfe8 1/2-1/2

[Event "Serbia Championship 2006"]
[Site "Vrnjacka Banja"]
[Date "2006.02.01"]
[Round "4"]
[White "Djokic, Nebojsa"]
[Black "Maksimovic, Branimir"]
[Result "1-0"]
[WhiteElo "2253"]
[BlackElo "2382"]
[PlyCount "89"]
[EventDate "2006.??.??"]

1. e4 g6 2. d4 Bg7 3. Nc3 c6 4. Be3 d5 5. Qd2 dxe4 6. Nxe4 Nd7 7. Nf3 Ngf6 8.
Nxf6+ Nxf6 9. O-O-O Bg4 10. Be2 O-O 11. Kb1 Ne4 12. Qe1 Qc7 13. Bd3 Nd6 14. c3
b5 15. h3 Be6 16. Bf4 Bd5 17. Qd2 f6 18. Rhe1 Rae8 19. Bc2 Qd7 20. Bxd6 exd6
21. Bb3 Qf5+ 22. Kc1 Kf7 23. Rxe8 Rxe8 24. Re1 Re4 25. Rxe4 Qxe4 26. Bxd5+ Qxd5
27. Qf4 Bf8 28. b3 a5 29. Kc2 a4 30. g4 axb3+ 31. axb3 Be7 32. Nd2 Qe6 33. Ne4
f5 34. Ng3 Qe1 35. gxf5 g5 36. Qf3 Qa1 37. b4 Qa2+ 38. Kd1 Qb3+ 39. Ke1 d5 40.
Kf1 h6 41. Ne2 Bd6 42. Kg2 Qc2 43. Qe3 Qe4+ 44. Qxe4 dxe4 45. Ng3 1-0

[Event "Serbia Championship 2006"]
[Site "Vrnjacka Banja"]
[Date "2006.02.01"]
[Round "4"]
[White "Jokic, Miodrag"]
[Black "Kahrovic, Mersid"]
[Result "1/2-1/2"]
[WhiteElo "2172"]
[BlackElo "2253"]
[PlyCount "50"]
[EventDate "2006.??.??"]

1. d4 Nf6 2. c4 g6 3. Nc3 Bg7 4. e4 d6 5. Nf3 O-O 6. h3 c5 7. d5 e5 8. Be2 a6
9. Be3 Nbd7 10. Qd2 Re8 11. g4 Rb8 12. a4 Nf8 13. Rg1 Qa5 14. Nh2 N6d7 15. Ra2
h6 16. h4 Re7 17. f3 f6 18. Nf1 Rf7 19. Bd3 Qc7 20. Ng3 g5 21. h5 Nh7 22. Kf2
Bf8 23. Rb1 b6 24. Qe2 Rb7 25. b3 Kh8 1/2-1/2

[Event "Serbia Championship 2006"]
[Site "Vrnjacka Banja"]
[Date "2006.02.01"]
[Round "4"]
[White "Jovanovic, Milos"]
[Black "Muratovic, Dzemail"]
[Result "1/2-1/2"]
[WhiteElo "2239"]
[BlackElo "2177"]
[PlyCount "84"]
[EventDate "2006.??.??"]

1. e4 e6 2. Nf3 d5 3. Nc3 Nf6 4. e5 Nfd7 5. d4 c5 6. dxc5 Bxc5 7. Bd3 Nc6 8.
Bf4 h6 9. h4 Qb6 10. O-O a6 11. a3 Be7 12. h5 Nc5 13. b4 Nxd3 14. cxd3 Bd7 15.
Na4 Qb5 16. Rc1 Nxb4 17. Nc3 Qxd3 18. axb4 Qxd1 19. Nxd1 Bb5 20. Re1 Bxb4 21.
Bd2 Bxd2 22. Nxd2 Kd7 23. Nc3 Bc4 24. Na4 b5 25. Nb6+ Kc6 26. Nxa8 Rxa8 27. f4
a5 28. Kf2 a4 29. Ke3 Kc5 30. f5 b4 31. Nxc4 dxc4 32. Kd2 Rd8+ 33. Kc2 b3+ 34.
Kb1 a3 35. Re4 Rd4 36. Rxd4 Kxd4 37. f6 gxf6 38. exf6 c3 39. Rd1+ Kc4 40. Rd7
c2+ 41. Kc1 Kc3 42. Rc7+ Kd3 1/2-1/2

[Event "Serbia Championship 2006"]
[Site "Vrnjacka Banja"]
[Date "2006.02.01"]
[Round "4"]
[White "Jevtic, Miroljub L"]
[Black "Keserovic, Milan"]
[Result "0-1"]
[WhiteElo "2153"]
[BlackElo "2225"]
[PlyCount "103"]
[EventDate "2006.??.??"]

1. d4 f5 2. c4 Nf6 3. Nc3 g6 4. g3 Bg7 5. Bg2 O-O 6. Nf3 d6 7. d5 c6 8. Ng5 h6
9. Nf3 e5 10. dxe6 Bxe6 11. Qa4 Na6 12. Nd4 Bd7 13. Qd1 Ng4 14. O-O Qf6 15. e3
Nc5 16. b3 Rfe8 17. Bb2 Rxe3 18. fxe3 Nxe3 19. Qd2 Qxd4 20. Rf2 Nd3 21. Nd1
Nxb2 22. Nxe3 Nxc4 23. bxc4 Qxa1+ 24. Bf1 Qd4 25. Bd3 Re8 26. Re2 f4 27. gxf4
Qxf4 28. Nc2 Qxd2 29. Rxd2 Re5 30. Bxg6 Rg5+ 31. Rg2 Be6 32. Bd3 Be5 33. h4
Rxg2+ 34. Kxg2 Kg7 35. Kf3 Kf6 36. Ne3 h5 37. a4 Bc3 38. Ke2 Bd4 39. Nc2 Ke5
40. Bg6 Bxc4+ 41. Kd2 Bf2 42. Ne1 Kf6 43. Bxh5 Bxh4 44. Nd3 a5 45. Bg4 Be6 46.
Bh5 Bb3 47. Nb2 Ke5 48. Kd3 b5 49. Be8 bxa4 50. Bxc6 a3 51. Kc3 axb2 52. Kxb2
0-1

[Event "Serbia Championship 2006"]
[Site "Vrnjacka Banja"]
[Date "2006.02.01"]
[Round "4"]
[White "Bozilov, Novica"]
[Black "Marcetic, Predrag"]
[Result "0-1"]
[WhiteElo "2023"]
[BlackElo "2208"]
[PlyCount "94"]
[EventDate "2006.??.??"]

1. e4 c6 2. d4 d5 3. Nc3 g6 4. e5 Bg7 5. Nf3 Bg4 6. h3 Bxf3 7. Qxf3 e6 8. Bd3
a6 9. O-O c5 10. dxc5 Nc6 11. Bf4 Nxe5 12. Qg3 Nxd3 13. Qxd3 Ne7 14. Rfe1 O-O
15. Bd6 Re8 16. Bxe7 Rxe7 17. Rad1 Rc7 18. Na4 Qh4 19. Nb6 Rd8 20. c4 Rxc5 21.
cxd5 Qb4 22. Qf3 Qxb6 23. dxe6 Rf5 24. e7 Re8 25. Qd3 Qc6 26. Qd8 f6 27. Rd7
Kf7 28. Qxe8+ Kxe8 29. Rd8+ Kf7 30. e8=Q+ Qxe8 31. Rdxe8 Bf8 32. Rc8 Bd6 33. g3
h5 34. Kg2 Ra5 35. a3 Rb5 36. Re2 Be5 37. Rcc2 g5 38. Kf3 Rb3+ 39. Ke4 Ke6 40.
Re3 Rb5 41. b4 g4 42. hxg4 hxg4 43. f4 gxf3 44. Rxf3 Rd5 45. Rb3 Rd1 46. Rh2
Rg1 47. Kf3 Rxg3+ 0-1

[Event "Serbia Championship 2006"]
[Site "Vrnjacka Banja"]
[Date "2006.02.01"]
[Round "4"]
[White "Brajovic, Miroljub"]
[Black "Zivkovic, Momcilo"]
[Result "0-1"]
[WhiteElo "2192"]
[BlackElo "2151"]
[PlyCount "84"]
[EventDate "2006.??.??"]

1. e4 e6 2. d4 d5 3. exd5 exd5 4. Nf3 Bd6 5. Bd3 Ne7 6. Bg5 c6 7. O-O O-O 8.
Bh4 Qc7 9. Bg3 Ng6 10. c3 Nd7 11. Qc2 Nf6 12. Nbd2 b6 13. Rfe1 c5 14. Ne5 Nh5
15. Rac1 a5 16. Qb1 a4 17. a3 Nxg3 18. hxg3 Nxe5 19. dxe5 Bxe5 20. Bxh7+ Kh8
21. Bf5 Bb7 22. f4 Bf6 23. Kf2 g6 24. Nf3 Kg7 25. Bc2 b5 26. Rcd1 Rad8 27. Qc1
d4 28. cxd4 Bxf3 29. gxf3 Bxd4+ 30. Kg2 Rh8 31. Rh1 Rxh1 32. Rxh1 Re8 33. Qd2
Qe7 34. Bd3 b4 35. axb4 cxb4 36. Be4 Rd8 37. f5 g5 38. f6+ Bxf6 39. Rh7+ Kg8
40. Qc2 b3 41. Qc6 Rd2+ 42. Kf1 Qd8 0-1

[Event "Serbia Championship 2006"]
[Site "Vrnjacka Banja"]
[Date "2006.02.01"]
[Round "4"]
[White "Tasic, Zoran"]
[Black "Radosavljevic, Novica"]
[Result "1-0"]
[WhiteElo "2188"]
[BlackElo "2142"]
[PlyCount "127"]
[EventDate "2006.??.??"]

1. d4 d6 2. Nf3 Nd7 3. Bf4 c5 4. e3 g6 5. Bc4 Qa5+ 6. c3 Nb6 7. Be2 Nf6 8. h3
Bg7 9. O-O O-O 10. Nbd2 cxd4 11. cxd4 Bd7 12. a4 Rac8 13. e4 d5 14. Nb3 Qb4 15.
Bd2 Qd6 16. e5 Qb8 17. exf6 Bxf6 18. Nc5 Bc6 19. b3 Nd7 20. Nd3 Bg7 21. Bf4 Qa8
22. Qd2 Nf6 23. Bh6 Qb8 24. Bf4 Qa8 25. Rfc1 Bd7 26. Nfe5 Bf5 27. g4 Be6 28.
Qe3 b6 29. Nb4 Rxc1+ 30. Rxc1 Rc8 31. Ba6 Rxc1+ 32. Qxc1 Ne8 33. Nbc6 Kf8 34.
Qa3 Nd6 35. Nxe7 Kxe7 36. Nxg6+ fxg6 37. Qxd6+ Kf7 38. Qc7+ Kg8 39. Qe7 Bf7 40.
Be5 Qe8 41. Qxe8+ Bxe8 42. f4 Bd7 43. Kf2 Kf7 44. Ke3 Bf8 45. Bb8 Be7 46. Bxa7
Bd8 47. Bb8 h5 48. Kf3 h4 49. Be5 Ke6 50. Bf1 Kf7 51. Bd3 Bc6 52. Ke3 Bd7 53.
Kd2 Bc6 54. Kd1 Bd7 55. Kc2 Bc6 56. Kb2 Bd7 57. Ka3 Be7+ 58. b4 Bd8 59. Kb3 Bc6
60. f5 g5 61. Ba6 Ke7 62. Bc8 Kf7 63. b5 Be8 64. Bb7 1-0

[Event "Serbia Championship 2006"]
[Site "Vrnjacka Banja"]
[Date "2006.02.01"]
[Round "4"]
[White "Stojanovic, Zlatko"]
[Black "Rosandic, Martin"]
[Result "1-0"]
[WhiteElo "2258"]
[BlackElo "1857"]
[PlyCount "119"]
[EventDate "2006.??.??"]

1. e4 e5 2. Nf3 Nc6 3. Bc4 Bc5 4. c3 Nf6 5. d4 exd4 6. cxd4 Bb4+ 7. Nc3 O-O 8.
e5 Ne4 9. O-O Nxc3 10. bxc3 Bxc3 11. Ng5 Nxd4 12. Qh5 h6 13. Nxf7 Rxf7 14.
Bxf7+ Kf8 15. Ba3+ d6 16. exd6 cxd6 17. Bd5 Be6 18. Rac1 Bxd5 19. Qxd5 Ne2+ 20.
Kh1 Be5 21. Qxe5 Nxc1 22. Rxc1 Kg8 23. Bxd6 Qb6 24. h3 Qxf2 25. Rc7 Qf6 26.
Qd5+ Kh8 27. Be5 Qf1+ 28. Kh2 Rg8 29. Qd6 Qa6 30. Bxg7+ Rxg7 31. Qf8+ Rg8 32.
Qf4 Qg6 33. Qd4+ Rg7 34. Rc8+ Kh7 35. Qd2 Qf5 36. Re8 Rd7 37. Qe3 Qg6 38. Re6
Qg5 39. Qe4+ Kg7 40. h4 Qh5 41. Qf4 Kh7 42. Qe4+ Kg7 43. Kh3 Kf8 44. Qf4+ Rf7
45. Qxh6+ Qxh6 46. Rxh6 Kg7 47. Rd6 b5 48. Ra6 b4 49. g3 Kg8 50. h5 Kh7 51. Kh4
Rb7 52. g4 Rc7 53. Rd6 a5 54. Ra6 Rc5 55. Ra7+ Kh8 56. h6 Rd5 57. g5 Kg8 58. g6
Rd4+ 59. Kg5 Kf8 60. h7 1-0